Busiest Container Ports - Statistics

General Stats
  • This quiz has been taken 37,309 times
    12,543 since last reset
  • The average score is 11 of 24
Answer Stats
Region TEUs Port % Correct
China 47.0 m Shanghai
95%
China 17.8 m Hong Kong
87%
Southeast Asia 37.5 m Singapore
82%
North America 8.99 m New York / New Jersey
80%
North America 20.1 m Los Angeles / Long Beach
77%
China 24.2 m Guangzhou
75%
Europe 15.3 m Rotterdam
73%
Middle East 13.4 m Dubai
64%
Southeast Asia 7.96 m Saigon
58%
China 28.8 m Shenzhen
54%
Europe 8.71 m Hamburg
52%
China 20.3 m Tianjin
49%
East Asia 22.7 m Busan
43%
China 12.0 m Xiamen
41%
Europe 12.0 m Antwerp
29%
China 23.7 m Qingdao
28%
South Asia 7.25 m Colombo
19%
North Africa 7.18 m Tangier
19%
China 31.1 m Ningbo-Zhoushan
15%
Southeast Asia 11.2 m Johor Bahru
9%
East Asia 9.86 m Kaohsiung
9%
China 7.04 m Taicang / Suzhou
9%
Southeast Asia 13.7 m Port Klang
7%
Southeast Asia 8.34 m Laem Chabang
4%
No matching quizzes found
Score Distribution
Percent of People with Each Score
Percentile by Number Answered
Your Score History
You have not taken this quiz since the last reset